00231nam a2200085Ia 4500008004100000100001900041245003400060260004200094260000900136170620s9999 xx 000 0 und d aRudramamba- B. 0aMethods of Teaching Economics bNew Delhi- Discovery Publishing House c2007